[Event "GER-chT U20 Girls"]
[Site "Magdeburg"]
[Date "2023.12.27"]
[Round "1.4"]
[White "Dieckmann, Luna"]
[Black "Bangsa Giesen, Citra"]
[Result "1/2-1/2"]
[WhiteElo "1174"]
[BlackElo "1469"]
[PlyCount "154"]
[EventDate "2023.12.26"]
[EventType "team-swiss"]
[EventRounds "7"]
[EventCountry "GER"]
[SourceTitle "CB03_2024"]
[SourceDate "2024.01.17"]
[SourceVersion "1"]
[SourceVersionDate "2024.01.17"]
[SourceQuality "1"]
[WhiteTeam "Porta Westfalica"]
[BlackTeam "Kelheim"]
[WhiteTeamCountry "GER"]
[BlackTeamCountry "GER"]

1. d4 d5 2. Nf3 Nf6 3. e3 Nc6 4. Bd3 Bg4 5. h3 Bxf3 6. Qxf3 e5 7. dxe5 Nxe5 8. Qe2 Bd6 9. 0-0 c6 10. b3 Qc7 11. f4 Nxd3 12. cxd3 0-0-0 13. Nd2 Rde8 14. Nf3 Bxf4 15. Qf2 Bg3 16. Qd2 h6 17. Bb2 Nh5 18. d4 g5 19. Ne5 f6 20. Qe2 fxe5 21. Qxh5 e4 22. Qg4+ Kd8 23. Bc3 Ref8 24. Rf5 Rxf5 25. Qxf5 Qd7 26. Qf6+ Kc7 27. Qxh8 Qd6 28. Qh7+ Kb6 29. Be1 Bxe1 30. Rxe1 Qg3 31. Re2 Qh4 32. Rf2 g4 33. hxg4 Qxg4 34. Qxh6 Qd1+ 35. Rf1 Qc2 36. Rf7 Qc3 37. Qd6 Qe1+ 38. Rf1 Qxe3+ 39. Kh1 Qxd4 40. b4 Qh8+ 41. Kg1 Qd4+ 42. Kh1 Qh8+ 43. Qh2 Qb2 44. Qg1+ Ka6 45. Qf2 Qxb4 46. Qe2+ Qb5 47. Qxb5+ Kxb5 48. g4 e3 49. Re1 d4 50. g5 c5 51. g6 c4 52. g7 d3 53. g8Q e2 54. Qd5+ Kb4 55. Rb1+ Kc3 56. Qe5+ Kd2 57. Qf4+ Kc3 58. Rc1+ Kb2 59. Qd2+ Ka3 60. Rc3+ Kb4 61. Qb2+ Kc5 62. Qd2 b5 63. a3 a5 64. Qg5+ Kd4 65. Qf6+ Ke3 66. Qe5+ Kd2 67. Rxd3+ cxd3 68. Qb2+ Ke3 69. Qc1+ Kf2 70. Qf4+ Ke1 71. Qc1+ Kf2 72. Qc5+ Ke1 73. Qc3+ Kf2 74. Qc5+ Kf3 75. Qd5+ Ke3 76. Qg5+ Ke4 77. Qd2 Kd4 1/2-1/2